00659cam a22001931 4500001001300000003000400013005001700017008004100034010001700075035002000092040002300112042001200135050001500147110003300162245015400195260005300349300004600402999001700448ca 25000381 DLC20260227111114.0850320s1921 mdu 000 0 eng  aca 25000381  a(OCoLC)11827776 aDLCcTdOCoLCdDLC apremarc00aF176b.M322 aMaryland Historical Society.00aMaryland Historical Society, 1844-1921.b[An historical sketch and description of its building and collections, with an appeal for financial support] a[Baltimore,bPress of N.T.A. Munder & co., 1921] a19,[1] p.billus. (incl. facsim.)c31 cm. c15955d15955